| 000 | 00566nam a22002057a 4500 | ||
|---|---|---|---|
| 003 | OSt | ||
| 005 | 20231026121815.0 | ||
| 008 | 221010b ||||| |||| 00| 0 eng d | ||
| 020 | _a9780702035241 | ||
| 040 | _cNLM | ||
| 082 | _aWB 39 A1891 2012 | ||
| 100 |
_aBallinger, Anne _916360 |
||
| 245 | _aEssentials of Kumar & Clark's Clinical medicine. | ||
| 250 | _a5th ed | ||
| 260 |
_aEdinburgh ; _bSaunders: _c2012 |
||
| 300 |
_axxiii, 869 p. : _bill. ; _c19 cm |
||
| 504 | _aIncludes Index. | ||
| 650 |
_aClinical Medicine -- handbooks _916361 |
||
| 942 |
_2z _cBOOK |
||
| 999 |
_c8040 _d8040 |
||